| 000 | 00509nam a2200193 a 4500 | ||
|---|---|---|---|
| 001 | 5016 | ||
| 003 | CO-ViMGA | ||
| 008 | 141112s2004 ck r 000 u spa d | ||
| 020 | _a8432964034 | ||
| 040 |
_aCO-ViMGA _bspa _cCO-ViMGA |
||
| 082 | 0 | 4 | _aR621.5 B515 |
| 100 | 1 |
_aBlanes, Octavio _93225 |
|
| 245 | 1 | 0 | _aManual de instalaciones neumaticas |
| 260 |
_aBarcelona : _bCeac, _c1984 |
||
| 300 | _a140 p : il | ||
| 490 | _aManuales Ceac de mecanica | ||
| 650 | 1 | 4 |
_aNEUMATICA - MANUALES _93226 |
| 942 |
_2ddc _cBK |
||
| 999 |
_c17018 _d17018 |
||